/ الأعمال الكاملة للإمام الشيخ محمد عبده (Record no. 12361)
[ view plain ]
| 000 -الفاتح | |
|---|---|
| حقل البيانات ثابتة الطول | 01059cam a22002415a 4500 |
| 003 - محدد رقم الضبط | |
| رقم الضبط | OSt |
| 005 - وقت وتاريخ اخر تعامل مع التسجيلة | |
| رقم الضبط | 20201124141855.0 |
| 008 - عناصر البيانات ثابتة الطول - معلومات عامة | |
| حقل البيانات ثابتة الطول | 090715s1993 ua ||||fr|||| 001 0 ara d |
| 040 ## - مصدر الفهرسة | |
| وكالة الفهرسة الأصلية | EG-ScBUE |
| لغة الفهرسة | ara |
| وكالة النسخ | EG-ScBUE |
| 082 04 - رقم تصنيف ديوى العشرى | |
| رقم التصنيف | 297.272 |
| رقم المادة | ع ب د |
| رقم الطبعة | 22 |
| 245 12 - بيان العنوان | |
| العنوان | / الأعمال الكاملة للإمام الشيخ محمد عبده |
| بيان المسئوليه,etc | تحقيق وتقديم محمد عمارة |
| 260 ## - PUBLICATION, DISTRIBUTION, ETC. (IMPRINT) | |
| مكان الناشر او الموزع | القاهرة: |
| اسم الناشر او الموزع | دار الشروق ، |
| تاريخ النشر أو التوزيع | 1993. |
| 300 ## - الوصف المادى | |
| التعداد | 5 مج : |
| أبعاد الوعاء | 24 سم |
| 500 ## - تبصرة عامة | |
| تبصرة عامة | يشتمل على كشاف. |
| 505 00 - تبصرة محتويات-الفهرس | |
| تبصرة المحتويات المصاغة | مج .1 تفسير القرأن -- مج.2 الكتابات الاجتماعية --مج.3 الاصلاح الفكرى والتربوى و الإلهيات --مج.4تفسير القرأن -- مج.5 تفسير القران |
| 590 ## - تبصرة محلية(RLIN) | |
| تبصرة محلية | doaa mohamed |
| 650 ## - المدخل الاضافى بالموضوع-مصطلح موضوعى | |
| 9 (RLIN) | 20615 |
| مصطلح موضوعي أو اسم جغرافي كعنصر مدخل | الإصلاح الإجتماعي |
| مصدر الرأس أو المصطلح | BUEsh |
| 650 ## - المدخل الاضافى بالموضوع-مصطلح موضوعى | |
| 9 (RLIN) | 16807 |
| مصطلح موضوعي أو اسم جغرافي كعنصر مدخل | الإسلام والإصلاح الدينى |
| مصدر الرأس أو المصطلح | BUEsh |
| 651 ## - المدخل الاضافى بالموضوع - اسم جغرافى | |
| مصدر الرأس أو المصطلح | BUEsh |
| 653 ## - مصطلح تكشيفى غير مقيد | |
| Resource For college | Arabic Literature |
| Arrived date list | August2015 |
| 700 0# - المدخل الاضافى - اسم شخصى | |
| الإسم الشخصى | عمارة ، محمد |
| 9 (RLIN) | 8044 |
| 942 ## - عناصر المدخل الإضافي( كوها) | |
| مصدر التصنيف او مخطط الترفيف | Dewey Decimal Classification |
| Koha [default] item type | Book - Borrowing |
| سابقة رقم الطلب | 297.272 ع ب د |
| حالة التراجع | حالة الفقد | مصدر التصنيف او خطة الترفيف | حالة تلف | ليس للاعارة | مجموعات كوها | المكان الدائم | المكان الحالي | موقع الترفيف | تاريخ الاكتساب | Source of acquisition | رقم الاستدعاء | الباركود | Date last seen | نوع الوعاء | تبصرة عامة |
|---|---|---|---|---|---|---|---|---|---|---|---|---|---|---|---|
| Dewey Decimal Classification | Central Library | Central Library | Lower Floor | 15/07/2009 | 297.272 ع ب د | 000017522 | 15/07/2025 | Book - Borrowing | مج 1 | ||||||
| Dewey Decimal Classification | Central Library | Central Library | Lower Floor | 15/07/2009 | 297.272 ع ب د | 000017523 | 15/07/2025 | Book - Borrowing | مج 2 | ||||||
| Dewey Decimal Classification | Central Library | Central Library | Lower Floor | 15/07/2009 | 297.272 ع ب د | 000017524 | 15/07/2025 | Book - Borrowing | مج 3 | ||||||
| Dewey Decimal Classification | Central Library | Central Library | Lower Floor | 15/07/2009 | 297.272 ع ب د | 000017525 | 15/07/2025 | Book - Borrowing | مج 4 | ||||||
| Dewey Decimal Classification | Central Library | Central Library | Lower Floor | 15/07/2009 | 297.272 ع ب د | 000017526 | 15/07/2025 | Book - Borrowing | مج 5 |